01790nam a22002894i 4500003000900000005001700009008004300026020001800069035001900087040003300106082002100139100003100160245010100191250002300292264007600315300004400391336002100435337002500456338002300481504006000504505054900564520025901113650003501372650002701407650003101434700003501465PE-LiUPU20260217111616.020260212s2014 ag a rb 000 0 spa d a9789877012644 aPE-LiUPU000000 aPE-LiUPUbspacPE-LiUPUerda04a370.11bK69f2231 aKnight, George R.,eautor.10aFilosofía y educación :buna introducción en la perspectiva cristiana /cGeorge R. Knight. aPrimera edición. 1aFlorida, Buenos Aires :bAsociación Casa Editora Sudamericana,c2014. a280 páginas :bilustraciones ;c23 cm atext2rdacontent aunmediated2rdamedia avolume2rdacarrier aIncluye bibliografía e índice general alfabético.0 aConceptos básicos -- La naturaleza de la filosofía y la educación -- Temas filosóficos en educación -- Las filosofías tradicionales y la educación -- Las filosofías modernas y la educación -- El impulso posmoderno -- Teorías contemporáneas de educación -- Filosofía analítica y educación -- Filosofía y educación cristiana -- La necesidad de elaborar una filosofía personal de la educación -- Un planteamiento cristiano de la filosofía -- Un enfoque cristiano de la educación -- Otra palabra al lector. aObra introductoria que analiza la relación entre filosofía y educación desde una perspectiva cristiana, abordando corrientes filosóficas tradicionales y contemporáneas, y proponiendo fundamentos para una filosofía cristiana de la educación.14aFilosofía de la educación.14aEducación cristiana.14aCristianismoxEducación.1 aBrunelli, Claudia,edirectora.